[Event "FICS rated blitz game"]
[Site "FICS freechess.org"]
[Date "2018.01.06"]
[Round "?"]
[White "LVVO"]
[Black "Vally"]
[Result "0-1"]
[WhiteElo "1437"]
[BlackElo "1535"]
[PlyCount "98"]
[EventDate "2018.??.??"]
[EventType "blitz"]

1. e4 e5 2. Nf3 Nc6 3. c3 h6 4. Bb5 Nf6 5. d4 a6 6. Ba4 b5 7. Bb3 exd4 8. O-O
dxc3 9. Nxc3 Bc5 10. Nd5 Ng4 11. Ne3 h5 12. Nxg4 hxg4 13. Bxf7+ Kf8 14. Ng5 Be7
15. Qxg4 d6 16. Ne6+ Bxe6 17. Bxe6 Ne5 18. Qf5+ Ke8 19. f4 g6 20. Bf7+ Nxf7 21.
Qxg6 Qd7 22. f5 d5 23. e5 Bc5+ 24. Kh1 Kd8 25. e6 Qd6 26. Bf4 Rh6 27. Qg7 Qe7
28. exf7 Rf6 29. Qg8+ Kd7 30. Qxa8 Qxf7 31. Rad1 d4 32. Rfe1 Rxf5 33. Bg3 Rd5
34. Qxa6 Bb4 35. Rf1 Qh5 36. Qf6 Be7 37. Qf3 Qg5 38. Rfe1 d3 39. Rxd3 Rxd3 40.
Qxd3+ Kc8 41. Qe4 b4 42. Qxe7 Qxe7 43. Rxe7 Kb7 44. Re4 Kb6 45. Rxb4+ Kc5 46.
a3 Kd5 47. Bf2 c5 48. Rg4 Kc6 49. Rg5 Kb5 0-1

[Event "FICS rated blitz game"]
[Site "FICS freechess.org"]
[Date "2018.01.06"]
[Round "?"]
[White "NicolausSilver"]
[Black "smarlny"]
[Result "1-0"]
[WhiteElo "1319"]
[BlackElo "1453"]
[PlyCount "69"]
[EventDate "2018.??.??"]
[EventType "blitz"]

1. e4 e5 2. Nf3 Nc6 3. c3 Nf6 4. Ng5 Be7 5. Nxf7 Kxf7 6. Bc4+ d5 7. exd5 Nxd5
8. Qf3+ Ke6 9. O-O Qf8 10. Bxd5+ Kd6 11. Qd3 Bf5 12. Be4+ Ke6 13. Qc4+ Kf6 14.
Bxf5 Kxf5 15. f4 e4 16. d3 Kf6 17. Qxe4 Bc5+ 18. Kh1 Qe7 19. Qf3 Rhf8 20. d4
Bd6 21. Na3 Kf7 22. Nc4 Kg8 23. Ne5 Nd8 24. Nc4 Nf7 25. Nxd6 Nxd6 26. b3 Nf5
27. a4 c6 28. Ba3 Nd6 29. Rae1 Qd7 30. f5 Rf7 31. Re6 Rxf5 32. Qe2 Rxf1+ 33.
Qxf1 Re8 34. Rxe8+ Nxe8 35. Qf8# {Black checkmated} 1-0

[Event "FICS rated blitz game"]
[Site "FICS freechess.org"]
[Date "2018.01.06"]
[Round "?"]
[White "feroze"]
[Black "farshadhassani"]
[Result "0-1"]
[WhiteElo "1492"]
[BlackElo "1459"]
[PlyCount "68"]
[EventDate "2018.??.??"]
[EventType "blitz"]

1. e4 e5 2. Nf3 Nc6 3. c3 Bc5 4. d4 exd4 5. cxd4 Bb6 6. Nc3 Nf6 7. e5 Ng8 8.
Bc4 Nge7 9. a3 a6 10. Bg5 h6 11. Bh4 g5 12. Bxf7+ Kxf7 13. Qb3+ Ke8 14. Bxg5
hxg5 15. Nxg5 Rf8 16. Nh7 Rf7 17. Nf6+ Kf8 18. Nce4 Nxd4 19. Qh3 Nc2+ 20. Kd2
Nxa1 21. Qh8+ Ng8 22. Qxg8+ Ke7 23. Nd5+ Ke6 24. Ng5+ Qxg5+ 25. Qxg5 Nb3+ 26.
Kc3 Kxd5 27. Kxb3 Bd4 28. Rd1 c5 29. f4 b5 30. Qg8 Ke6 31. f5+ Ke7 32. e6 dxe6
33. fxe6 Bxe6+ 34. Kc2 Rxg8 {White resigns} 0-1

[Event "FICS rated blitz game"]
[Site "FICS freechess.org"]
[Date "2018.01.06"]
[Round "?"]
[White "Pjani"]
[Black "aashuashuthosh"]
[Result "1-0"]
[WhiteElo "1099"]
[BlackElo "1090"]
[PlyCount "45"]
[EventDate "2018.??.??"]
[EventType "blitz"]

1. e4 e5 2. Nf3 Nc6 3. c3 d6 4. Bb5 Bg4 5. h3 Bxf3 6. Qxf3 f6 7. d4 a6 8. Bxc6+
bxc6 9. dxe5 dxe5 10. Na3 Ne7 11. O-O c5 12. Be3 Qd6 13. Nc4 Qc6 14. Na5 Qb6
15. Nc4 Qb5 16. b3 Ng6 17. Rab1 Nh4 18. Qh5+ Ng6 19. a4 Qc6 20. Qf5 Ne7 21. Na5
Qb6 22. Qh5+ g6 23. Qh4 1-0

[Event "FICS rated lightning game"]
[Site "FICS freechess.org"]
[Date "2018.01.06"]
[Round "?"]
[White "Sasha"]
[Black "Invited"]
[Result "0-1"]
[WhiteElo "1564"]
[BlackElo "1667"]
[PlyCount "60"]
[EventDate "2018.??.??"]

1. e4 e5 2. Nf3 Nc6 3. c3 Bc5 4. d4 exd4 5. cxd4 Bb4+ 6. Nc3 d5 7. e5 Bg4 8.
Be2 Bxf3 9. Bxf3 f6 10. exf6 Nxf6 11. O-O O-O 12. Bg5 Qd6 13. Qd3 Rae8 14. Rfe1
Ba5 15. h3 Bb6 16. Be3 Ne4 17. Ne2 Rxf3 18. gxf3 Qg6+ 19. Kh2 Nb4 20. Qb5 c6
21. Qxb4 Bc7+ 22. f4 Nf6 23. Rg1 Qh5 24. Ng3 Ng4+ 25. Kg2 Nxe3+ 26. fxe3 Qh4
27. Rae1 g5 28. Qd2 g4 29. hxg4 Qxg4 30. Kf2 Kh8 0-1

[Event "FICS rated blitz game"]
[Site "FICS freechess.org"]
[Date "2018.01.06"]
[Round "?"]
[White "proximab"]
[Black "salav"]
[Result "1-0"]
[WhiteElo "1976"]
[BlackElo "1728"]
[PlyCount "33"]
[EventDate "2018.??.??"]
[EventType "blitz"]

1. e4 e5 2. Nf3 Nc6 3. c3 Nf6 4. d4 exd4 5. e5 Nd5 6. Bb5 Nde7 7. cxd4 d5 8.
Qd3 Bd7 9. O-O Ng6 10. Nc3 Be7 11. Nxd5 O-O 12. Bc4 Be6 13. Qe4 Na5 14. Nxe7+
Nxe7 15. Bxe6 fxe6 16. Ng5 Nf5 17. Nxe6 {Black resigns} 1-0

[Event "FICS rated blitz game"]
[Site "FICS freechess.org"]
[Date "2018.01.06"]
[Round "?"]
[White "kungzeb"]
[Black "PaulVerhoeven"]
[Result "1-0"]
[WhiteElo "1754"]
[BlackElo "1739"]
[PlyCount "89"]
[EventDate "2018.??.??"]
[EventType "blitz"]

1. e4 Nc6 2. Nf3 e5 3. c3 d6 4. d4 Bg4 5. Be2 Nf6 6. Bg5 Be7 7. Nbd2 O-O 8. O-O
h6 9. Bh4 Qd7 10. d5 Nd8 11. b4 a6 12. a4 Bxf3 13. Bxf3 Nh7 14. Bxe7 Qxe7 15.
c4 Ng5 16. Be2 f5 17. f4 Nxe4 18. Nxe4 fxe4 19. f5 Qg5 20. Bg4 Nf7 21. Qe2 e3
22. Ra3 Rae8 23. Rxe3 Nd8 24. Rg3 Qf6 25. Bh5 Re7 26. Qe4 Nf7 27. Rg6 Ng5 28.
Qe3 Qf7 29. Rxg5 hxg5 30. Bxf7+ Rfxf7 31. Qxg5 e4 32. f6 Rd7 33. Re1 Rxf6 34.
Rxe4 Rd8 35. h4 Rdf8 36. h5 Rf1+ 37. Kh2 R1f5 38. Qg6 R5f6 39. Qg4 Rh6 40. Re7
Rh7 41. Qg6 b6 42. Kg1 a5 43. h6 axb4 44. Rxg7+ Kh8 45. Qxh7# {Black checkmated
} 1-0

[Event "FICS rated standard game"]
[Site "FICS freechess.org"]
[Date "2018.01.06"]
[Round "?"]
[White "Chaeselume"]
[Black "AnderssenA"]
[Result "0-1"]
[WhiteElo "1358"]
[BlackElo "2433"]
[PlyCount "47"]
[EventDate "2018.??.??"]

1. e4 e5 2. Nf3 Nc6 3. c3 d5 4. d4 dxe4 5. Nbd2 exf3 6. Nxf3 exd4 7. Ng5 Be7 8.
Bc4 Bxg5 9. Qe2+ Be7 10. Bg5 Qd6 11. Rd1 Be6 12. O-O Bxc4 13. Qxc4 Bxg5 14.
Rfe1+ Nge7 15. cxd4 O-O 16. d5 Ne5 17. Qc3 Bf6 18. g3 Rad8 19. Qb3 Nxd5 20.
Qxb7 Nf3+ 21. Kf1 Nxe1 22. Rxe1 Bd4 23. Rd1 Rb8 24. Qa6 {White resigns} 0-1

[Event "FICS rated blitz game"]
[Site "FICS freechess.org"]
[Date "2018.01.06"]
[Round "?"]
[White "lethalduck"]
[Black "Lostbishop"]
[Result "0-1"]
[WhiteElo "1381"]
[BlackElo "1433"]
[PlyCount "36"]
[EventDate "2018.??.??"]
[EventType "blitz"]

1. e4 e5 2. Nf3 Nc6 3. c3 Nf6 4. Bc4 Be7 5. d3 O-O 6. Be3 d5 7. exd5 Nxd5 8. b4
Bf6 9. Qb3 Nxe3 10. fxe3 e4 11. dxe4 Ne5 12. Be2 Nd3+ 13. Bxd3 Qxd3 14. e5
Qxe3+ 15. Kf1 Bxe5 16. Nxe5 Qxe5 17. Nd2 Be6 18. c4 Qxa1+ {White resigns} 0-1

[Event "FICS rated blitz game"]
[Site "FICS freechess.org"]
[Date "2018.01.06"]
[Round "?"]
[White "pokernut"]
[Black "Tintomara"]
[Result "0-1"]
[WhiteElo "1180"]
[BlackElo "1363"]
[PlyCount "58"]
[EventDate "2018.??.??"]
[EventType "blitz"]

1. e4 e5 2. Nf3 Nc6 3. c3 d6 4. d4 exd4 5. cxd4 Bd7 6. Bd3 Be7 7. O-O Bg4 8. h3
Bxf3 9. Qxf3 Nxd4 10. Qd1 Nf6 11. Be3 Nc6 12. Nc3 O-O 13. f4 a6 14. e5 dxe5 15.
fxe5 Nxe5 16. Bf5 Nc4 17. Qe2 Nxe3 18. Qxe3 b6 19. Rad1 Bc5 20. Qxc5 bxc5 21.
Rxd8 Raxd8 22. g4 Rfe8 23. g5 Nd5 24. Nxd5 Rxd5 25. h4 g6 26. Bh3 Rd2 27. Rb1
Ree2 28. a3 Rxb2 29. Rxb2 Rxb2 {White resigns} 0-1

[Event "FICS rated blitz game"]
[Site "FICS freechess.org"]
[Date "2018.01.06"]
[Round "?"]
[White "Lemmy"]
[Black "jcoll"]
[Result "0-1"]
[WhiteElo "1332"]
[BlackElo "1325"]
[PlyCount "58"]
[EventDate "2018.??.??"]
[EventType "blitz"]

1. e4 e5 2. Nf3 Nc6 3. c3 d6 4. a4 f5 5. exf5 Bxf5 6. Bb5 Nf6 7. O-O a6 8. Bc4
d5 9. Ba2 Bd6 10. h3 O-O 11. d4 e4 12. Nh4 Be6 13. Bg5 Qd7 14. Nd2 Bxh3 15.
gxh3 Qxh3 16. f4 Ng4 17. Qe2 h6 18. Bxh6 Qxh4 19. Bg5 Qg3+ 20. Qg2 Qxg2+ 21.
Kxg2 Ne3+ 22. Kh3 Nxf1 23. Rxf1 Rf5 24. Nxe4 Raf8 25. Nxd6 cxd6 26. Rf2 Rxg5
27. fxg5 Rxf2 28. Bxd5+ Kf8 29. Kg3 Rxb2 {White resigns} 0-1

[Event "FICS rated lightning game"]
[Site "FICS freechess.org"]
[Date "2018.01.06"]
[Round "?"]
[White "Sasha"]
[Black "Invited"]
[Result "0-1"]
[WhiteElo "1543"]
[BlackElo "1688"]
[PlyCount "70"]
[EventDate "2018.??.??"]

1. e4 e5 2. Nf3 Nc6 3. c3 Nf6 4. d3 Bc5 5. h3 d6 6. Be2 h6 7. O-O O-O 8. b4 Bb6
9. Be3 Ne7 10. Bxb6 axb6 11. Nbd2 Ng6 12. Nh2 Nh7 13. Ng4 f5 14. exf5 Bxf5 15.
Ne3 Be6 16. Nf3 Nf4 17. Re1 Qf6 18. Bf1 Qg6 19. Kh2 Rf7 20. d4 Raf8 21. dxe5
dxe5 22. Nxe5 Qg5 23. Nxf7 Rxf7 24. Ng4 h5 25. Ne5 Rf8 26. Qd4 Nf6 27. Nf3 Qf5
28. Re5 Qg6 29. Qxf4 Ng4+ 30. hxg4 Rxf4 31. Rxh5 Bxg4 32. Rh4 Bxf3 33. Rxf4 Bg4
34. f3 Bf5 35. Re1 Qh6+ 0-1

[Event "FICS rated blitz game"]
[Site "FICS freechess.org"]
[Date "2018.01.06"]
[Round "?"]
[White "windbumwino"]
[Black "SingingM"]
[Result "1-0"]
[WhiteElo "1526"]
[BlackElo "1576"]
[PlyCount "57"]
[EventDate "2018.??.??"]
[EventType "blitz"]

1. e4 e5 2. c3 Nc6 3. Nf3 Nf6 4. d4 exd4 5. e5 Ng4 6. cxd4 d6 7. h3 Nh6 8. Bb5
Nf5 9. d5 Bd7 10. dxc6 bxc6 11. Be2 dxe5 12. Nxe5 Bd6 13. Nxd7 Qxd7 14. O-O O-O
15. Be3 Nh4 16. Nd2 Qe6 17. Nf3 Qe5 18. Nxe5 Bxe5 19. Qc2 Ng6 20. g3 Rfb8 21.
b3 Bxa1 22. Rxa1 Rd8 23. Qxc6 Rd6 24. Qxc7 Rad8 25. Rd1 Rxd1+ 26. Bxd1 Rxd1+
27. Kg2 h6 28. Qc2 Rd7 29. Qc8+ {Black resigns} 1-0

[Event "FICS rated lightning game"]
[Site "FICS freechess.org"]
[Date "2018.01.06"]
[Round "?"]
[White "karthikg"]
[Black "moshessin"]
[Result "0-1"]
[WhiteElo "1885"]
[BlackElo "1753"]
[PlyCount "112"]
[EventDate "2018.??.??"]

1. e4 e5 2. Nf3 Nc6 3. c3 Nf6 4. d4 exd4 5. cxd4 d6 6. Bd3 Be7 7. O-O O-O 8.
Nc3 Bg4 9. Be2 a6 10. Re1 Bh5 11. Be3 Re8 12. Qc2 Bg6 13. a3 b5 14. Bd3 Na5 15.
b3 Rc8 16. Rad1 c5 17. dxc5 dxc5 18. Bxb5 Qc7 19. Bxe8 Rxe8 20. Nd5 Nxd5 21.
exd5 Bxc2 22. Rd2 Be4 23. d6 Bxd6 24. Red1 Rd8 25. Ng5 Bf5 26. h4 Be7 27. Nf3
Rxd2 28. Rxd2 Be4 29. Ne1 Nxb3 30. Rc2 Qb6 31. Rb2 a5 32. f3 Bd5 33. Nd3 a4 34.
Kh1 Qb5 35. Bg1 Qxd3 36. Rf2 Qe3 37. h5 Qg5 38. g4 Qh4+ 39. Bh2 Bxf3+ 40. Rxf3
Qg5 41. Rg3 Qc1+ 42. Rg1 Qc3 43. Bg3 c4 44. Bf2 Qd3 45. Rg3 Qd1+ 46. Kg2 Nd2
47. Be3 Ne4 48. Bf4 Nxg3 49. Kxg3 Qd3+ 50. Kh2 c3 51. Bg3 c2 52. Kh3 c1=Q 53.
g5 Qdd1 54. g6 Qh1+ 55. Kg4 Qc4+ 56. Kf5 Qxh5# {White checkmated} 0-1

[Event "FICS rated blitz game"]
[Site "FICS freechess.org"]
[Date "2018.01.06"]
[Round "?"]
[White "Rossgo"]
[Black "JoelQ"]
[Result "0-1"]
[WhiteElo "1846"]
[BlackElo "1687"]
[PlyCount "112"]
[EventDate "2018.??.??"]
[EventType "blitz"]

1. e4 e5 2. Nf3 Nc6 3. c3 Bc5 4. Bd3 d6 5. h3 a6 6. Bc2 h6 7. d4 exd4 8. cxd4
Ba7 9. a3 g5 10. Be3 g4 11. hxg4 Bxg4 12. Nc3 Nge7 13. Qd2 Qd7 14. O-O-O h5 15.
Kb1 O-O-O 16. Rc1 Kb8 17. Bb3 f5 18. Ng5 fxe4 19. Nf7 d5 20. Nxh8 Rxh8 21. g3
Na5 22. Ba2 Nc4 23. Bxc4 dxc4 24. Ka1 Bf3 25. Rhg1 Nd5 26. Nxd5 Qxd5 27. Qb4 b5
28. Qc3 Rd8 29. Qa5 Kb7 30. Rc2 Bb6 31. Qc3 a5 32. Rd2 Ra8 33. Qc2 b4 34. a4 b3
35. Qc3 Qc6 36. Kb1 Qxa4 37. Re2 Bxe2 38. Kc1 Qa1+ 39. Kd2 Qxg1 40. Kxe2 Rf8
41. Qxc4 Qg2 42. Qd5+ Kb8 43. Kd2 a4 44. Kc3 Qf1 45. Kb4 Qa6 46. Qb5 Qxb5+ 47.
Kxb5 Kb7 48. Kxa4 Rd8 49. Kxb3 Bxd4 50. Bxd4 Rxd4 51. Kc3 Rd3+ 52. Kc2 c5 53.
b3 Kb6 54. g4 Kb5 55. Kb2 hxg4 56. Ka2 Kb4 0-1

[Event "FICS rated standard game"]
[Site "FICS freechess.org"]
[Date "2018.01.06"]
[Round "?"]
[White "louarn"]
[Black "Cantabrico"]
[Result "0-1"]
[WhiteElo "1503"]
[BlackElo "1380"]
[PlyCount "120"]
[EventDate "2018.??.??"]

1. e4 e5 2. Nf3 Nc6 3. c3 Nf6 4. d3 Bc5 5. Be2 a6 6. O-O h6 7. Re1 d6 8. d4
exd4 9. cxd4 Ba7 10. e5 dxe5 11. dxe5 Qxd1 12. Bxd1 Nd7 13. Be3 O-O 14. Bxa7
Nxa7 15. Bb3 Re8 16. Nc3 Nc6 17. Nd5 Ndxe5 18. Nxe5 Rxe5 19. Nxc7 Rxe1+ 20.
Rxe1 Rb8 21. Re8+ Kh7 22. Bc2+ g6 23. Nd5 Nd4 24. Be4 Nc6 25. Nf6+ Kg7 26. Nd5
Be6 27. Rxb8 Nxb8 28. Nb6 Bxa2 29. Bxb7 a5 30. Na4 Nd7 31. Nc3 Bb3 32. Ne4 Ba4
33. Nd6 Nc5 34. Bd5 f5 35. h3 Nd3 36. b3 Bd7 37. Nc4 a4 38. bxa4 Bxa4 39. Nd6
Ne5 40. g4 fxg4 41. hxg4 Nxg4 42. Bf3 Ne5 43. Bd5 Nd7 44. Ne8+ Kf8 45. Nc7 Nb6
46. Be4 Nc4 47. Bxg6 Ke7 48. Nd5+ Kd6 49. Nf6 Ke6 50. Ng4 Ne5 51. Nxe5 Kxe5 52.
Bd3 Kf4 53. Bg6 Kg5 54. Bf7 Bd7 55. f3 Bf5 56. Kg2 Kf4 57. Kf2 Bd3 58. Kg2 Be2
59. Kf2 Bxf3 60. Be6 h5 0-1

[Event "FICS rated blitz game"]
[Site "FICS freechess.org"]
[Date "2018.01.06"]
[Round "?"]
[White "fabiuscu"]
[Black "walton"]
[Result "0-1"]
[WhiteElo "1122"]
[BlackElo "1211"]
[PlyCount "68"]
[EventDate "2018.??.??"]
[EventType "blitz"]

1. e4 e5 2. Nf3 Nc6 3. c3 h6 4. d4 exd4 5. Nxd4 Qf6 6. f3 Bc5 7. Be3 Nxd4 8.
Bxd4 Bxd4 9. Qxd4 d6 10. Qxf6 Nxf6 11. g4 Be6 12. b3 d5 13. e5 Nd7 14. Bb5
O-O-O 15. Bxd7+ Rxd7 16. a4 Re8 17. h3 d4 18. c4 a6 19. f4 f6 20. O-O fxe5 21.
fxe5 c5 22. Nd2 Rf7 23. Rxf7 Bxf7 24. Nf3 Bg6 25. Re1 Kd7 26. h4 Rf8 27. e6+
Ke7 28. Ne5 Bc2 29. Ng6+ Bxg6 30. h5 Bc2 31. Re5 b6 32. g5 Bxb3 33. gxh6 gxh6
34. Rg5 hxg5 {White resigns} 0-1

[Event "FICS rated blitz game"]
[Site "FICS freechess.org"]
[Date "2018.01.06"]
[Round "?"]
[White "pokernut"]
[Black "pitrisko"]
[Result "0-1"]
[WhiteElo "1191"]
[BlackElo "1433"]
[PlyCount "36"]
[EventDate "2018.??.??"]
[EventType "blitz"]

1. e4 e5 2. Nf3 Nc6 3. c3 Nf6 4. Bd3 Bc5 5. O-O O-O 6. Bc2 d6 7. d4 exd4 8.
cxd4 Bb6 9. Bg5 h6 10. Bh4 Bg4 11. h3 Bxf3 12. gxf3 Nxd4 13. Bd3 Qd7 14. Kh2
Nh5 15. Nc3 Nf4 16. Kg1 Nxh3+ 17. Kg2 Nf4+ 18. Kg1 Qh3 {White resigns} 0-1

[Event "FICS rated blitz game"]
[Site "FICS freechess.org"]
[Date "2018.01.06"]
[Round "?"]
[White "Ubuntero"]
[Black "zadox"]
[Result "1-0"]
[WhiteElo "1092"]
[BlackElo "1191"]
[PlyCount "43"]
[EventDate "2018.??.??"]
[EventType "blitz"]

1. e4 e5 2. Nf3 Nc6 3. c3 Nf6 4. Qe2 Bc5 5. d3 d6 6. h3 a6 7. Be3 Bxe3 8. Qxe3
O-O 9. d4 exd4 10. cxd4 Re8 11. Nc3 Nb4 12. O-O-O a5 13. a3 Na6 14. Bxa6 Rxa6
15. e5 Bf5 16. Qf4 dxe5 17. dxe5 Qe7 18. Qxf5 Rc6 19. Kc2 Re6 20. Rhe1 Nd7 21.
Ng5 Rxe5 22. Qxh7+ {Black resigns} 1-0

[Event "FICS rated lightning game"]
[Site "FICS freechess.org"]
[Date "2018.01.06"]
[Round "?"]
[White "kungzeb"]
[Black "rossoscuro"]
[Result "1-0"]
[WhiteElo "1833"]
[BlackElo "1988"]
[PlyCount "35"]
[EventDate "2018.??.??"]

1. e4 e5 2. Nf3 Nc6 3. c3 d5 4. exd5 Qxd5 5. d4 e4 6. Nfd2 f5 7. Bc4 Qd6 8. Qb3
Nh6 9. O-O b6 10. Re1 Bb7 11. f3 O-O-O 12. fxe4 Na5 13. Qa4 Nxc4 14. Nxc4 Qg6
15. Bf4 Bxe4 16. Rxe4 fxe4 17. Qxa7 Qg4 18. Qxc7# {Black checkmated} 1-0

[Event "FICS rated blitz game"]
[Site "FICS freechess.org"]
[Date "2018.01.06"]
[Round "?"]
[White "yobiatch"]
[Black "Sccorpionn"]
[Result "1-0"]
[WhiteElo "1254"]
[BlackElo "1201"]
[PlyCount "41"]
[EventDate "2018.??.??"]
[EventType "blitz"]

1. e4 e5 2. Nf3 Nc6 3. c3 Bc5 4. Bc4 Nf6 5. d3 h6 6. Nbd2 Na5 7. O-O d5 8. exd5
Nxd5 9. Nxe5 O-O 10. Qh5 Nf4 11. Bxf7+ Kh7 12. Bg6+ Kg8 13. Bf7+ Kh7 14. Qf3 g5
15. Qe4+ Kg7 16. d4 Bd6 17. Nb3 Nc4 18. Bxf4 Bxe5 19. Qg6+ Kh8 20. Bxe5+ Nxe5
21. Qxh6# {Black checkmated} 1-0

[Event "FICS rated blitz game"]
[Site "FICS freechess.org"]
[Date "2018.01.06"]
[Round "?"]
[White "kiknit"]
[Black "hgj"]
[Result "0-1"]
[WhiteElo "1480"]
[BlackElo "1228"]
[PlyCount "50"]
[EventDate "2018.??.??"]
[EventType "blitz"]

1. e4 e5 2. Nf3 Nc6 3. c3 h6 4. d4 exd4 5. cxd4 Bb4+ 6. Nc3 Bxc3+ 7. bxc3 d5 8.
e5 Bg4 9. Be2 Qd7 10. O-O O-O-O 11. Ba3 f6 12. exf6 Nxf6 13. Rb1 Ne4 14. Qb3 b6
15. Bc5 Bxf3 16. Qb2 Bxe2 17. Qxe2 Nxc3 18. Qb2 Nxb1 19. Rxb1 Qf5 20. a4 bxc5
21. Qb7+ Kd7 22. a5 Rb8 23. Qa6 Rxb1+ 24. Qf1 Rxf1+ 25. Kxf1 Qb1+ {White
resigns} 0-1

[Event "FICS rated blitz game"]
[Site "FICS freechess.org"]
[Date "2018.01.06"]
[Round "?"]
[White "proximab"]
[Black "manuperez"]
[Result "1-0"]
[WhiteElo "1991"]
[BlackElo "1517"]
[PlyCount "35"]
[EventDate "2018.??.??"]
[EventType "blitz"]

1. e4 e5 2. Nf3 Nc6 3. c3 Nf6 4. d4 exd4 5. e5 Qe7 6. cxd4 b6 7. Nc3 Bb7 8. Be2
Ng4 9. h3 Nh6 10. Nd5 Qd8 11. Bxh6 gxh6 12. Nf6+ Ke7 13. Nd5+ Ke8 14. Nf6+ Ke7
15. Qd3 Bg7 16. Qf5 Bxf6 17. Qxf6+ Kf8 18. Qxh8+ {Black resigns} 1-0

[Event "FICS rated lightning game"]
[Site "FICS freechess.org"]
[Date "2018.01.06"]
[Round "?"]
[White "Sasha"]
[Black "Invited"]
[Result "0-1"]
[WhiteElo "1553"]
[BlackElo "1678"]
[PlyCount "58"]
[EventDate "2018.??.??"]

1. e4 e5 2. Nf3 Nc6 3. c3 Nf6 4. d3 d5 5. exd5 Nxd5 6. h3 Bc5 7. Be2 O-O 8. O-O
Be6 9. a3 Bb6 10. b4 a5 11. c4 Nde7 12. c5 Ba7 13. Bb2 f6 14. Nc3 axb4 15. axb4
Nxb4 16. Ne4 Ned5 17. Ba3 c6 18. Nd6 Qd7 19. Qd2 Bxc5 20. d4 Bxd6 21. dxe5 fxe5
22. Bc4 Rxa3 23. Rxa3 Bc5 24. Rd1 Rxf3 25. Rxf3 e4 26. Rg3 Qf7 27. Rf1 b5 28.
Bb3 Nd3 29. Bc2 N5f4 0-1

[Event "FICS rated blitz game"]
[Site "FICS freechess.org"]
[Date "2018.01.06"]
[Round "?"]
[White "morts"]
[Black "sdarjee"]
[Result "1-0"]
[WhiteElo "1102"]
[BlackElo "1160"]
[PlyCount "77"]
[EventDate "2018.??.??"]
[EventType "blitz"]

1. e4 e5 2. Nf3 Nc6 3. c3 d5 4. exd5 Qxd5 5. Be2 e4 6. Nd4 Nxd4 7. cxd4 Qxd4 8.
O-O f5 9. d3 Nf6 10. Be3 Qd8 11. d4 Be7 12. Nc3 c6 13. Bf4 O-O 14. Bc4+ Nd5 15.
Nxd5 cxd5 16. Bb3 Bf6 17. Rc1 Qb6 18. Rc5 Be6 19. Bxd5 Bxd5 20. Rxd5 Rad8 21.
Rxf5 Rxd4 22. Qe2 Rfd8 23. Be3 Qe6 24. Rxf6 gxf6 25. Bxd4 Rxd4 26. Qc2 f5 27.
Qc3 Qd6 28. h3 Rd3 29. Qc8+ Kf7 30. Qxf5+ Kg8 31. Qxe4 b6 32. Qe8+ Kg7 33. Qa4
a5 34. Qg4+ Kh8 35. Qc8+ Kg7 36. Qg4+ Kh8 37. Re1 Qd7 38. Qh5 Kg7 39. Qg5+ 1-0

[Event "FICS rated standard game"]
[Site "FICS freechess.org"]
[Date "2018.01.06"]
[Round "?"]
[White "bhekisipho"]
[Black "irabirab"]
[Result "1-0"]
[WhiteElo "1837"]
[BlackElo "1754"]
[PlyCount "93"]
[EventDate "2018.??.??"]

1. e4 e5 2. Nf3 Nc6 3. c3 d5 4. Bb5 Nge7 5. Nxe5 Bd7 6. Nxd7 Qxd7 7. e5 O-O-O
8. O-O a6 9. Ba4 Qf5 10. d4 f6 11. exf6 gxf6 12. Bc2 Qe6 13. Re1 Qf7 14. Bf4
Ng6 15. Bf5+ Kb8 16. Bg3 Bd6 17. Be6 Qg7 18. Bxd5 Bxg3 19. Bxc6 Bxh2+ 20. Kxh2
bxc6 21. Qb3+ Ka7 22. Qc4 Rd6 23. Nd2 Qh6+ 24. Kg1 Qxd2 25. Qc5+ Kb7 26. Qb4+
Kc8 27. Qc4 Kb7 28. Qb4+ Kc8 29. Qc4 Rhd8 30. Qxa6+ Kd7 31. Qc4 Qh6 32. a4 Qg7
33. Re3 Nf4 34. Rg3 Qe7 35. Re3 Qf8 36. Rae1 Nd5 37. Rg3 Ra8 38. b3 Ra5 39. Qd3
Kc8 40. Qxh7 Rd8 41. c4 Nf4 42. Re7 Ra7 43. Rf7 Ne2+ 44. Kh2 Qh8 45. Rh3 Qxh7
46. Rfxh7 Nxd4 47. Rf7 1-0

[Event "FICS rated blitz game"]
[Site "FICS freechess.org"]
[Date "2018.01.06"]
[Round "?"]
[White "ruskim"]
[Black "richhughes"]
[Result "1-0"]
[WhiteElo "1345"]
[BlackElo "1170"]
[PlyCount "71"]
[EventDate "2018.??.??"]
[EventType "blitz"]

1. e4 e5 2. Nf3 Nc6 3. c3 Nf6 4. Bd3 d5 5. exd5 Nxd5 6. O-O Be6 7. Re1 Bd6 8.
c4 Ndb4 9. Be4 O-O 10. d4 Bxc4 11. dxe5 Bc5 12. Nc3 Qxd1 13. Rxd1 Rad8 14. Be3
Bb6 15. Bxb6 axb6 16. a3 Rxd1+ 17. Rxd1 Na6 18. b4 b5 19. Nd2 Nd4 20. Nxc4 Rd8
21. Bd5 bxc4 22. Rxd4 c6 23. Bxf7+ Kxf7 24. Rxd8 Ke7 25. Rg8 Kf7 26. Rh8 Nc7
27. Rxh7 Ne6 28. Rh3 Nd4 29. Rf3+ Nxf3+ 30. gxf3 Ke6 31. f4 b6 32. f3 Kf5 33.
Ne2 Ke6 34. Kf2 b5 35. Ke3 g6 36. Ke4 {Black resigns} 1-0

[Event "FICS rated blitz game"]
[Site "FICS freechess.org"]
[Date "2018.01.06"]
[Round "?"]
[White "LocomotiveHollow"]
[Black "Pumpernickel"]
[Result "0-1"]
[WhiteElo "1391"]
[BlackElo "1367"]
[PlyCount "32"]
[EventDate "2018.??.??"]
[EventType "blitz"]

1. e4 Nc6 2. Nf3 e5 3. c3 Nf6 4. Bb5 Nxe4 5. Bxc6 dxc6 6. O-O Bd6 7. Re1 Nf6 8.
Nxe5 O-O 9. Nc4 Bxh2+ 10. Kxh2 Ng4+ 11. Kg1 Qh4 12. f3 Qh2+ 13. Kf1 Qh1+ 14.
Ke2 Re8+ 15. Ne3 Qxg2+ 16. Kd3 Nf2+ {White resigns} 0-1

[Event "FICS rated blitz game"]
[Site "FICS freechess.org"]
[Date "2018.01.06"]
[Round "?"]
[White "oralegre"]
[Black "UltraMN"]
[Result "1-0"]
[WhiteElo "1348"]
[BlackElo "1488"]
[PlyCount "79"]
[EventDate "2018.??.??"]
[EventType "blitz"]

1. e4 e5 2. Nf3 Nc6 3. c3 Nf6 4. d3 d5 5. Qe2 Bc5 6. h3 O-O 7. Bg5 dxe4 8. Bxf6
Qxf6 9. dxe4 Be6 10. g3 Rad8 11. Bg2 Bb6 12. b3 Ba5 13. O-O Rd7 14. b4 Bb6 15.
a4 a5 16. b5 Ne7 17. Na3 Rfd8 18. Rfd1 Ng6 19. Rxd7 Rxd7 20. c4 Bc5 21. Nd2 Qd8
22. Nb3 Bxa3 23. Rxa3 Rd1+ 24. Kh2 Qd3 25. Qxd3 Rxd3 26. Bf1 Rc3 27. h4 Bxc4
28. Bxc4 Rxc4 29. Nd2 Rd4 30. Ra2 Ne7 31. f3 c5 32. Nb3 c4 33. Nxd4 exd4 34.
Kg2 f5 35. Kf2 Kf7 36. Ke2 Ke6 37. Ra1 Ke5 38. exf5 Nxf5 39. Kf2 Ne7 40. Re1+
1-0

[Event "FICS rated blitz game"]
[Site "FICS freechess.org"]
[Date "2018.01.06"]
[Round "?"]
[White "proximab"]
[Black "khuizen"]
[Result "1-0"]
[WhiteElo "2000"]
[BlackElo "1350"]
[PlyCount "47"]
[EventDate "2018.??.??"]
[EventType "blitz"]

1. e4 e5 2. Nf3 Nc6 3. c3 Bc5 4. d4 exd4 5. cxd4 Bb4+ 6. Bd2 d6 7. Bxb4 Nxb4 8.
Qa4+ Nc6 9. d5 Bd7 10. dxc6 Bxc6 11. Bb5 Qd7 12. Bxc6 Qxc6 13. Qxc6+ bxc6 14.
Nc3 Ne7 15. O-O Rb8 16. b3 O-O 17. Rad1 h6 18. Rd4 a5 19. Ra4 Ra8 20. Nd2 Rfb8
21. Nc4 Rb4 22. Rxa5 Rxa5 23. Nxa5 g6 24. g3 {Black resigns} 1-0